01594nam a2200325 i 45000010011000000030006000110050017000170080041000340200029000750200026001040350006001300400014001360820019001502450129001692500020002982640065003183000028003833360027004113370029004383380028004674900017004955040067005125050495005796500033010746500038011077000033011457000027011787000046012058300017012511084728223OCoLC20231024144128.0190313s2018 sa a 001 0 eng d a9780190750633cpaperback a0190750634cpaperback a  bengc3228 a346.63801 LAWO04aThe law of persons in South Africa /cHanneretha Kruger (editor), Ann Skelton (editor) ; Marita Carnelley [and five others]. aSecond edition. 1aCape Town :bOxford University Press Southern Africa,c2018. axx, 238 pages ;c24 cm. atextbtxt2rdacontent. aunmediatedbn2rdamedia. avolumebnc2rdacarrier.1 aPrivate law. aIncludes bibliographical references (pages 201-204) and index.0 apt. A. General introduction. An introduction to the law of persons. pt. B. Legal subjectivity. A definition of concepts -- The beginning of legal subjectivity -- The end of legal subjectivity. pt. C. Status and the factors that influence it. Status: an introduction -- Domicile and citizenship -- Birth and adoption -- Minority -- Curatorship, prodigality, and insolvency -- Mental illness, physical disability and the influence of alcohol and drugs on capacity -- Race custom and religion. 0aPersons (Law)zSouth Africa. 0aDomestic relationszSouth Africa.1 aKruger, Hanneretha,eeditor.1 aSkelton, Ann,eeditor.1 aCarnelley, M.q(Marita),d1962-,eeditor. 0aPrivate law.